| 000 | 01871cam a22002895a 4500 | ||
|---|---|---|---|
| 001 | L153610 | ||
| 008 | 110809s2011 xxk f 000 0 eng d | ||
| 020 | _a9780470904855 | ||
| 035 | _a(Sirsi) u153610 | ||
| 041 | 0 | _aeng | |
| 110 | 2 |
_aConstruction Specifications Institute _95105 |
|
| 245 | 0 | 4 |
_aThe CSI specifications practice guide _h[electronic resource] |
| 260 |
_bJohn Wiley & Sons _c2011 |
||
| 300 | _aeBook | ||
| 505 | 2 | _a1 Practices -- 2 Language -- 3 Methods -- 4 Formats -- 5 Agreements -- 6 Conditions -- 7 General Requirements -- 8 Coordinating Drawings and Specifications -- 9 Modifications -- 10 Master Guide Specifications -- 11 Shortform Specifications -- 12 Performance Specifying -- 13 Specifying for Purchase of Goods -- 14 Federal Agencies -- 15 Warranties -- 16 Construction Bonds -- 17 Construction Insurance | |
| 520 | _aThe Specifications Practice Guide is focused on the roles and responsibilities of the specifications professional in meeting the challenges of the changing world of construction. In this volume, guidelines on topics like writing quality construction specifications and product selection are meshed with best practices for managing project information, working with Building Information Modeling (BIM) and Integrated Project Delivery, and writing sustainable design specifications. The companion web site contains a PDF of the full text of the book, CSI Glossary Documents, Format Documents, and CCA Forms. | ||
| 590 | _aKA NTK | ||
| 650 | 2 | 4 | _aBUILDING INFORMATION MODELLING |
| 650 | 2 | 4 |
_aBIM _96219 |
| 650 | 2 | 4 | _aEBOOK |
| 651 | 4 | _aINTERNATIONAL | |
| 690 | _aBUILT ENVIRONMENT-BUILDING COSTS | ||
| 690 | _aMANAGEMENT-BUSINESS MANAGEMENT-FINANCIAL MANAGEMENT | ||
| 690 |
_aBIM _96219 |
||
| 856 | 4 | 0 |
_uhttps://www.vlebooks.com/ _zView on VLEbooks. Logins for members only from [email protected] |
| 942 | _n0 | ||
| 999 |
_c112608 _d112608 |
||